|
|
|
|
| LEADER |
00000naa0a2200000 4500 |
| 001 |
597120 |
| 005 |
20250130164211.0 |
| 035 |
|
|
|a (RuTPU)RU\TPU\tpu\20277
|
| 035 |
|
|
|a RU\TPU\tpu\20274
|
| 090 |
|
|
|a 597120
|
| 100 |
|
|
|a 20111114d1995 k||y0rusy50 ca
|
| 101 |
0 |
|
|a rus
|
| 102 |
|
|
|a RU
|
| 200 |
1 |
|
|a Структура и механические свойства циркониевой керамики, полученной электроразрядным спеканием
|f В. Е. Панин, А. И. Слосман, С. В. Матренин
|
| 333 |
|
|
|a В фонде НТБ ТПУ отсутствует
|
| 463 |
|
|
|t Физика прочности и пластичности материалов
|o тезисы докладов 14 Международной конференции, Самара, 27-30 июня 1995 г.
|v С. 397-398
|d 1995
|
| 610 |
1 |
|
|a труды учёных ТПУ
|
| 700 |
|
1 |
|a Панин
|b В. Е.
|c специалист в области физики и механики деформируемого твердого тела, физического материаловедения
|c доктор физико-математических наук, профессор Томского политехнического университета
|c зав. кафедрой материаловедения в машиностроении
|c директор Российского материаловедческого центра
|c научный руководитель института физики прочности и материаловедения СО РАН
|f 1930-
|g Виктор Евгеньевич
|3 (RuTPU)RU\TPU\pers\12102
|
| 701 |
|
1 |
|a Слосман
|b А. И.
|
| 701 |
|
1 |
|a Матренин
|b С. В.
|
| 801 |
|
1 |
|a RU
|b 63413507
|c 20111114
|
| 801 |
|
2 |
|a RU
|b 63413507
|c 20111114
|g RCR
|
| 942 |
|
|
|c BK
|